|
|
|
|
| LEADER |
00000ny a22000003n 4500 |
| 005 |
2011060803403.0 |
| 008 |
080925s20089999sp r s 000 a0spa c |
| 035 |
|
|
|a 452
|
| 040 |
|
|
|a UMA.RE
|d vLex
|
| 080 |
|
|
|a 347(460)(051)
|
| 080 |
|
|
|a 347.235.11(460)(051)
|
| 090 |
|
|
|c 566
|d 566
|
| 100 |
1 |
|
|a Faus, Manuel
|
| 245 |
1 |
0 |
|a Breviario civil.
|n 3,
|p Derecho registral
|h [Recurso electrn̤ico]
|c Manuel Faus
|
| 256 |
|
|
|a Servicio en ln̕ea
|
| 260 |
|
|
|a [Barcelona] :
|b vLex,
|c 2008
|
| 506 |
1 |
|
|a Contenido solo disponible en los productos indicados
|d vLex Global
|d vLex Global (Academic Edition, excluding Law Schools)
|d vLex Global (U.S. Academic Edition, Law Schools)
|d vLex Global (U.S. Academic Edition, excluding Law Schools)
|d vLex Global (Academic Edition, Law Schools)
|
| 650 |
0 |
7 |
|2 Tesauro vLex
|a Civil
|
| 650 |
0 |
7 |
|2 Tesauro vLex
|a Administrativo
|
| 650 |
0 |
7 |
|2 Tesauro vLex
|a Derecho registral
|
| 740 |
0 |
|
|a vLex Libros (Servicios en ln̕ea)
|
| 856 |
4 |
0 |
|z Acceso restringido
|u http://vlex.com/source/breviario-civil-derecho-registral-452
|
| 942 |
|
|
|c BOOK
|